Представление документа в формате RUSMARC

ПолеНазваниеЗначение
  Тип записи a
  Библиографический уровень m
001 Контрольный номер cbf5ff0ec96a4c6789e51223d00f4ed5
005 Дата корректировки 20260601151248.7
010 Индекс ISBN __
a ISBN 978-5-408-07430-3
b Уточнения в пер.
9 Тираж 5000 экз.
d Цена 708-00
100 Данные общей обработки __
a Данные общей обработки 20260529d2026 cd y0rusy028902 ca
101 Язык документа 0_
a Язык текста rus
102 Страна публикации __
a Страна публикации RU
105 Кодированные данные (монография) __
a Кодированные данные (монография) ac j 000yy
181 Поле кодированных данных: вид содержания _0
a Код вида содержания (ISBD) i
182 Поле кодированных данных: тип средства _0
a Код типа средства (ISBD) n
200 Заглавие и сведения об ответственности 1_
a Заглавие Здравствуй, дядюшка Глагол!
f Первые сведения об ответственности Татьяна Рик
e Сведения, относящиеся к заглавию [для младшего и среднего школьного возраста]
g Последующие сведения об ответственности рисунки автора
203 Вид содержания и тип средства __
a Вид содержания Текст
c Тип средства непосредственный
205 Сведения об издании __
a Основные сведения об издании 9-е издание
210 Выходные данные 1_
a Место издания Москва
c Издательство ВАКО
d Дата издания 2026
215 Физическое описание __
a Объем 169, [4] с.
c Иллюстрации/тип воспроизводства цв. ил., портр.
d Формат 24 см
225 Серия 2_
a Серия Занимательный учебник
330 Аннотация __
a Аннотация Эта книга позволит легко, без напряжения, но основательно усвоить и повторить сложные грамматические правила, связанные с глаголом. Путешествуя по волшебной стране Речь, герои книги учатся спрягать глаголы, различать переходные и непереходные, возвратные и безличные глаголы, получают представление о времени и наклонении глагола, а также о многом другом.
606 Тематические рубрики __
a Основная рубрика Языкознание
2 Код системы nlr_sh
606 Тематические рубрики __
a Основная рубрика Русский язык
2 Код системы nlr_sh
610 Ключевые слова 0_
a Ключевые слова детская литература
610 Ключевые слова 0_
a Ключевые слова глаголы
610 Ключевые слова 0_
a Ключевые слова части речи
610 Ключевые слова 0_
a Ключевые слова познавательная литература
610 Ключевые слова 0_
a Ключевые слова развивающая литература
610 Ключевые слова 0_
a Ключевые слова развитие детей
610 Ключевые слова 0_
a Ключевые слова правила русского языка
610 Ключевые слова 0_
a Ключевые слова задания по русскому языку
610 Ключевые слова 0_
a Ключевые слова занимательный русский язык
610 Ключевые слова 0_
a Ключевые слова морфологический разбор глагола
686 Индексы других классификаций __
a Классификационный индекс мл81я7
2 Код системы rubbks
700 Автор _1
a Фамилия Рик
b Имя Т. Г.
4 Код отношения 070
4 Код отношения 440
f Даты 1967-
g Полное личное имя Татьяна Геннадьевна
801 Источник записи _0
a Страна RU
b Организация Муниципальное бюджетное учреждение культуры "Централизованная библиотечная система" г. Сургут (Центральная городская библиотека им. А. С. Пушкина)
g Правила каталогизации PSBO
c Дата составления 20260529
801 Источник записи _1
a Страна RU
b Организация Муниципальное бюджетное учреждение культуры "Централизованная библиотечная система" г. Сургут (Центральная городская библиотека им. А. С. Пушкина)
g Правила каталогизации PSBO
c Дата составления 20260529
852 Данные о местонахождении __
j Шифр хранения мл81я7
i Авторский знак Р 50
900 Макрообъекты __
a Макрообъекты Здравствуй, дядюшка Глагол. Рик, Т. Г., 2026
901 Тип документа __
t Тип документа m
a Ответственный ООФиК/Волкова
901 Тип документа __
a Ответственный 6 партия
903 Характеристики (МАРС) __
a Дата передачи 20260529
c Наименование библиотеки (МАРС) Муниципальное бюджетное учреждение культуры "Централизованная библиотечная система" г. Сургут (Центральная городская библиотека им. А. С. Пушкина)
969 Тип издания __
a Тип издания учебное пособие
a Тип издания издание для детей
a Тип издания Ф 26
990 Данные о заказе (DOS) __
j Количество экземпляров (DOS) 5
t N записи в КСУ для И/У (DOS) 202606